000 00376 a2200157 4500
001 151606
040 _cEscola São Tomás de Aquino
100 _aPOE, Edgar Allan
240 1 0 _aHistórias de crimes e mistério
_lpor
245 1 0 _aHistórias de crimes e mistério
300 _a167
362 0 _a2000
440 1 _aÁtica
697 _a*LITERATURA JUVENIL
942 _cBK
999 _c151606
_d151606